000 00957nam a2200265 a 4500
005 20230602064344.0
008 030527s1994 mx r 000 0 spa d
020 _a9681630114
035 _aUPN01000124668
040 _aUPN
_bspa
_cUPN
049 _aCG
050 4 _aCB83
_bE4.68
100 1 _aElias, Norbert,
_d1897-1990
245 1 3 _aEl proceso de la civilización :
_binvestigaciones sociogenéticas y psicogenéticas /
_cNorbert Elias ; traducción de Ramón García Cotarelo.
250 _a2a ed.
260 _aMéxico :
_bFondo de Cultura Económica,
_c1994.
300 _a581 p.
440 0 _aSección de obras de sociología
534 _pTraducción de:
_tUber den process der zivilisation : sociogenetische und psychogenetische untersuchungen
650 4 _aCIVILIZACION -
_xHISTORIA
_98253
650 4 _aCivilización
_xFilosofía
_98016
700 1 _944076
_aCotarelo, Ramón,
_d1943-
_etraductor
905 _aLibro
942 _2lcc
_cLIBRO
999 _c96847
_d96847